MARC

LEADER 00000nas a2200000 a 4500
001 ssj0000493
003 WaSeSS
005 20200512172242.0
006 m d
007 cr n
008 100923c19509999nyuzr p s 0 a0eng c
010 |a  2014247506 
016 7 |a 9877782  |2 DNLM 
016 7 |a I19480000  |2 DNLM 
022 |a 0020-5508  |l 0020-5508  |y 0020-5508 
035 |a (WaSeSS)ssj0000493 
037 |a C26221EA-36D8-4689-BA25-09A0ED61ECE0  |b OverDrive, Inc.  |n http://www.overdrive.com 
040 |a OCLCE  |b eng  |c OCLCE  |d OCLCQ  |d CLU  |d OUN  |d OCLCQ  |d OCLCF  |d COD  |d DLC  |d OCLCO  |d TEF  |d OCLCQ  |d AZU  |d CO3  |d CUD  |d ZYU  |d OCLCQ  |d OCLCO  |d B3G  |d OCP  |d VT2  |d Z5A  |d WT2  |d ZAC  |d U3W  |d OCLCQ  |d COD  |d UKBTH  |d OCLCQ  |d SFB  |d WaSeSS 
042 |a dlr  |a pcc 
050 4 |a NK1700  |b .D55 
082 0 4 |a 729.2405  |2 18 
130 0 |a Interior design (New York, N.Y.) 
245 1 0 |a Interior design  |h [electronic resource]. 
260 |3 <Dec. 1976-> :  |a [New York, N.Y.] :  |b [Interior Design Division of Whitney Communications Corp.] 
260 2 |3 <June 2011-> :  |a New York, NY :  |b Interior Design :  |b Shadow Media 
260 2 |3 <Sept. 1987-> :  |a Newton, Mass. :  |b Cahners Pub. 
260 3 |3 <2014-> :  |a [New York, NY] :  |b Sandow 
310 |a 17 issues per year,  |b <Oct. 2018-> 
321 |a Monthly,  |b 19 -1985 
321 |a Monthly (semimonthly in Jan.),  |b 1986-198 
321 |a Monthly (semimonthly in Jan., Mar., and Sept.),  |b <Sept. 1987-> 
321 |a Monthly,  |b <2014-> 
321 |a 16 issues per year,  |b 2016- 
362 1 |a Print began in 1950. 
506 |a License restrictions may limit access. 
515 |a Vol. 65, no. 5 repeated in numbering of Apr. and May 1994 issues; v. 65, no. 7 repeated in numbering of May 15 and July 1994 issues. 
515 |a Frequent errors in volume and issue numbering. 
525 |a Volumes for <1976>-1978, 1986- include issue called: Buyers guide. 
525 |a Volumes for 1986- include semiannual supplement called: Market. 
538 |a Master and use copy. Digital master created according to Benchmark for Faithful Digital Reproductions of Monographs and Serials, Version 1. Digital Library Federation, December 2002.  |u http://purl.oclc.org/DLF/benchrepro0212  |5 MiAaHDL 
583 1 |a digitized  |c 2010  |h HathiTrust Digital Library  |l committed to preserve  |2 pda  |5 MiAaHDL 
588 0 |a Issue 15 (Dec. 1, 2000); title from cover (publisher website, viewed Mar. 6, 2014). 
588 1 |a Vol. 89, issue 16 (Nov. 2018) (EBSCO, viewed Nov. 19, 2018). 
650 0 |a Interior decoration  |v Periodicals. 
650 7 |a Architecture.  |2 ebps 
650 7 |a Interior Design.  |2 ebps 
650 7 |a Interior decoration.  |2 fast  |0 (OCoLC)fst00976327 
650 7 |a DECORACION DE INTERIORES  |z ESTADOS UNIDOS  |x PUBLICACIONES PERIODICAS.  |2 renib 
655 0 |a Electronic journals. 
776 0 8 |i Print version:  |t Interior design (New York, N.Y.)  |x 0020-5508  |w (DLC)sn 80011229  |w (OCoLC)5965672 
780 0 0 |t Interior design and decoration 
856 4 0 |z Full text available from Research Library: 01/01/1996 to 05/31/2010  |u https://search.proquest.com/publication/7232